000 00470nam a2200193Ia 4500
003 GCL
008 140319s9999 xx 000 0 eng d
040 _aGCL /
_cGCL
082 0 4 _a843
_bF M
100 1 _aFLAUBERT, GUSTAVE
245 1 0 _aMADAME BOVARY /
_cFLAUBERT, GUSTAVE
260 _a[S.N] :
_bMARABOUT ،
_c1995
300 _a412 P
650 0 4 _aLITERATURE
650 0 4 _aFICTION
650 0 4 _aFRENCH FICTION
650 0 4 _aFRENCH LITERATURE
942 _2ddc
_cBK
999 _c25669
_d25669